Open Data Biblioteca Nacional de Portugal


República Portuguesa: Ministério da Cultura
Biblioteca Nacional de Portugal

Catálogo da BNP: acesso por Identificadores Unívocos
Registos Bibliográficos associados ao registo de autoridade

Etiqueta de registo: 00254nam 2200025 450
001 2284451
003 http://id.bnportugal.gov.pt/bib/catbnp/2284451
010 ## $a978-972-8910-82-2
021 ## $aPT$b556331/25
100 ## $a20260415d2025 m y0pory01030103ba
101 0# $apor
102 ## $aPT
105 ## $aa z 000yy
106 ## $ar
200 1# $aLojas históricas de Coimbra$fAna Filipa Fonte, Sara Reis$gfot. Filipe Montes$gpref. João Luís Fernandes$gposf. Joana Pires Araújo$gcoord. João Figueira
205 ## $a2ª ed
210 #9 $aCoimbra$cMar da Palavra,$d2025
215 ## $a119, [1] p.$cil.$d22 cm
675 ## $a339.17(469.322)"19/20"$vBN$zpor$31968546
675 ## $a339.37(469.322)"19/20"$vBN$zpor$31968547
675 ## $a77.03$vBN$zpor$3290160
700 #1 $aFonte,$bAna Filipa,$f1989-$31968044
701 #1 $94$aReis,$bSara,$f1989-$4070$31968047
702 #1 $aMontes,$bFilipe$4600$31968048
702 #1 $aFernandes,$bJoão Luís$4080$31890679
702 #1 $aAraújo,$bJoana Pires$4075$31995778
702 #1 $94$aFigueira,$bJoão$4340$31850834
801 #0 $aPT$bBN$gRPC
856 41 $uhttp://rnod.bnportugal.gov.pt/ImagesBN/winlibimg.aspx?skey=&doc=2284451&img=222009&save=true
900 ## $aBIBNAC$d20260507
966 ## $lBN$mFGMON$sS.C. 169049 V.$x1
966 ## $lBN$mFGMON$sS.C. 169049 V.-D$x1
972 ## $e0$z0$d20260507$vasantos
973 ## $cmlsousa$d20260429
975 ## $e0$d20260511$viquintas

OpendataBNP@bnportugal.pt | Mais informação sobre acesso aos dados BNP